000 01014naa a22002777a 4500
001 BR9509277
003 BR-BrBNA
005 20240918181424.0
007 ta
008 230509b bl.||||| |||| 00| 0 por d
040 _aBR-BrBNA
_bpor
_cBiblioteca Nacional de Agricultura
041 _a(Pt)
072 _aF02; F01
_b2480
090 _aF02 BR9509277
100 1 _aYoon, P.K.
111 1 _a3. Seminario Nacional da Seringueira
_cManaus, AM (Brazil)
_d23-29 Jun 1980
245 1 _aAspectos de propagacao, estabelecimento e producao na conducao de planta de Hevea
260 3 _aBrasilia, DF (Brasil):
_c1980.
500 _aAnais do 3. Seminario Nacional da Seringueira Brasilia, DF (Brasil): 1980. v. 2 p. 660-668 (BR9509277-AM)F02
650 _aSeringueira
650 _aPropagacao Vegetativa
650 _aSangria
773 0 _tAnais do 3. Seminario Nacional da Seringueira
_wF02 BR9509277
_gBrasilia, DF (Brasil), 1980. v. 2 p. 660-668
909 _a202404
_bLucia
_c55
_dLucia Elande
942 _cAM
_2AGRIS
999 _c325182
_d325182